[Muerte Súbita] Ganadores de la Copa Libertadores - Estadísticas

Estadísticas generales
  • Esta prueba ha sido intentada 386 veces
    372 desde el último reinicio
  • La puntuación promedio es 7 de 21
Answers on the Grid
Answers color-coded by a green-red scale on the quiz's grid according to % correct below.
Alberto Spencer
Alexis Sánchez
Álvaro Recoba
Antonio Valencia
Cafú
Carlos Tevez
Claudio Pizarro
Deyverson
Diego Forlán
Eduardo Vargas
Enzo Francescoli
Gabigol
Gabriel Batistuta
Gabriel Jesus
Gonzalo Montiel
Hernán Crespo
Hugo Ibarra
Iván Córdoba
Jefferson Farfán
Jorge Campos
José Luis Chilavert
Juan Arango
Juan Pablo Sorín
Juan Román Riquelme
Juan Sebastián Verón
Julio César
Lionel Messi
Marcelo Salas
Martín Palermo
Neymar
Pablo Aimar
Pelé
Radamel Falcao
Rafael Sobis
René Higuita
Ricardo Bochini
Rogerio Ceni
Ronaldo
Roque Santa Cruz
Zico
 
Estadísticas de respuestas
Respuesta % Correcto
Neymar
54%
Pelé
49%
Carlos Tevez
47%
Juan Román Riquelme
47%
Gabigol
46%
Juan Sebastián Verón
40%
Martín Palermo
37%
Cafú
36%
Enzo Francescoli
36%
Gonzalo Montiel
36%
Deyverson
35%
Ricardo Bochini
35%
José Luis Chilavert
33%
Hernán Crespo
32%
Hugo Ibarra
30%
Rogerio Ceni
30%
Zico
28%
Alberto Spencer
23%
Juan Pablo Sorín
20%
René Higuita
17%
Rafael Sobis
1%
No se encontraron pruebas coincidentes
Distribución de puntuación
Porcentaje de gente con cada puntuación
Porcentaje por número respondido
Historial de tus puntuaciones
No has intentado esta prueba desde el último reinicio